Masculinity in fiction and film (Record no. 40583)
[ view plain ]
| 000 -LEADER | |
|---|---|
| fixed length control field | 01572nam a2200397 a 4500 |
| 082 04 - DEWEY DECIMAL CLASSIFICATION NUMBER | |
| Classification number | 700/.453 |
| 100 1# - MAIN ENTRY--AUTHOR NAME | |
| Personal name | Baker, Brian, |
| 245 10 - TITLE STATEMENT | |
| Title | Masculinity in fiction and film |
| 260 ## - PUBLICATION, DISTRIBUTION, ETC. (IMPRINT) | |
| Place of publication | London ; |
| -- | New York : |
| Name of publisher | Continuum, |
| Year of publication | c2006. |
| 300 ## - PHYSICAL DESCRIPTION | |
| Number of Pages | xii, 173 p. |
| 490 1# - SERIES STATEMENT | |
| Series statement | Continuum literary studies |
| 650 #0 - SUBJECT ADDED ENTRY--TOPICAL TERM | |
| Topical Term | Masculinity in motion pictures. |
| Topical Term | Men in motion pictures. |
| Topical Term | Masculinity in literature. |
| Topical Term | Men in literature. |
| Topical Term | English fiction |
| Topical Term | American fiction |
| 856 40 - ELECTRONIC LOCATION AND ACCESS | |
| Uniform Resource Identifier | http://site.ebrary.com/lib/rucke/Doc?id=10224802 |
No items available.
